| 000 | 00543nam a2200181Ia 4500 | ||
|---|---|---|---|
| 005 | 20250508151131.0 | ||
| 008 | 008 250505s9999 xx 000 0 eng d | ||
| 037 | _aTextual | ||
| 040 |
_aFEDL _beng _cFEDL |
||
| 041 |
_aeng _2eng |
||
| 084 |
_a301.15, CAB _qFEDL |
||
| 100 | _aCabot Hugh | ||
| 245 | 0 | _aHuman relations concepts and cases in concrete social science | |
| 260 |
_aCambridge _bHarvard University Press _c1953 |
||
| 700 |
_a Kahl Joseph A. _9758488 |
||
| 942 |
_cTEXL _h301.15, CAB |
||
| 999 |
_c1327797 _d1327797 |
||